[Event "Zonal 3.3 Online"]
[Site "Tornelo INT"]
[Date "2021.05.08"]
[Round "8"]
[White "Laylo, Darwin"]
[Black "Enriquez, Rogelio"]
[Result "1/2-1/2"]
[WhiteElo "2434"]
[BlackElo "2229"]
[PlyCount "77"]
[EventDate "2021.05.01"]
[EventType "swiss"]
[EventRounds "9"]
[EventCountry "PHI"]
[SourceTitle "CBM 202 Extra"]
[Source "ChessBase"]
[SourceDate "2021.07.31"]
[SourceVersion "1"]
[SourceVersionDate "2021.07.31"]
[SourceQuality "1"]

1. d4 Nf6 2. Nf3 e6 3. c4 d5 4. Bg5 c6 5. Nbd2 Nbd7 6. e3 Be7 7. Bd3 b6 8. 0-0 Bb7 9. Ne5 Nxe5 10. dxe5 Nd7 11. Bxe7 Qxe7 12. f4 f5 13. exf6 Qxf6 14. Qc2 g6 15. Kh1 0-0 16. e4 Nc5 17. e5 Qg7 18. Rae1 Qh6 19. g3 Nxd3 20. Qxd3 Rad8 21. Qf3 c5 22. cxd5 Rxd5 23. Ne4 Kh8 24. Kg1 Rd4 25. h4 Qg7 26. Re3 Rfd8 27. Rfe1 Qc7 28. Qg4 Qc6 29. h5 Rxe4 30. Rxe4 Rd4 31. hxg6 Rxe4 32. Rxe4 Qxe4 33. g7+ Kg8 34. Qxe6+ Kxg7 35. Qe7+ Kg8 36. Qe8+ Kg7 37. Qe7+ Kg8 38. Qe8+ Kg7 39. Qe7+ 1/2-1/2